Régimen constitucional de los partidos políticos /

Gespeichert in:
Bibliographische Detailangaben
1. Verfasser: García Laguardia, Mario
Format: Text
Tags: Tag hinzufügen
Keine Tags, Fügen Sie den ersten Tag hinzu!

MARC

LEADER 00000 a a2200000 04500
001 45328
003
040
090 |a REV0780 (15)1984  
100 |a García Laguardia, Mario  
245 |a Régimen constitucional de los partidos políticos /  |c Mario García Laguardia  
773 |g número15, III Epoca, (julio - diciembre, 1984), páginas 25-27  
999 |c 22744  |d 22744